000
00326nam a2200157Ia 4500
003
Ost
005
20260225132544.0
008
260225s9999||||xx |||||||||||||| ||und||
040
_c
fsic
041
_a
fre
082
_a
440
100
_a
A.P.S
_e
Auteur
245
0
_a
Lenon alignement /
245
0
_c
A.P.S
942
_c
كتاب
999
_c
33697
_d
33697